000 00424nam a2200169Ia 4500
005 20240823042039.0
008 240823s9999||||xx |||||||||||||| ||und||
041 _aENGLISH
082 _A621.319 P5
100 _aJeraldin Ahila M
245 0 _aPower System Control (for B E VII Sem EEE)
250 _a1st
260 _c2005
_bARS Publica
500 _aTRANSFERED
650 _aPower System
_bElectrical
942 _cBK
999 _c206942
_d206942